000 00746cam a22002531 4500
001 sd 51000026
003 DLC
005 20260227112736.0
008 800604s1951 nyu 000 0 eng c
010 _asd 51000026
035 _a(OCoLC)6385396
040 _aU.S. Dept. of State
_cViU
_dDLC
042 _apremarc
043 _aa-ja---
050 0 0 _aD410
_b.F65 vol. 27, no. 1
100 1 _aScalapino, Robert A.
245 1 0 _aPolitics and public opinion in Japan.
260 _aNew York,
_bForeign Policy Association,
_c1951.
300 _a11 p.
_c27 cm.
440 0 _aForeign policy reports,
_vv. 27, no. 1
651 0 _aJapan
_xPolitics and government
_y1945-
650 0 _aPolitical parties
_zJapan.
650 0 _aPublic opinion
_zJapan.
999 _c90039
_d90039